South Eastern Kenya University

Library Online Public Access Catalogue


Renewable resources and plant biotechnology / (Record no. 515)

MARC details
000 -LEADER
fixed length control field 00644cam a22001814a 4500
020 ## - ISBN
International Standard Book Number 9781600210037
050 00 - LIBRARY OF CONGRESS CALL NUMBER
Classification Number TP248.27.P55
Item Number R46 2006
245 00 - TITLE
Title Renewable resources and plant biotechnology /
Statement of responsibility, etc Ryszard Kozlowski, Gennady E. Zaikov, and Frank Pudel, editors.
260 ## - PUBLICATION, DISTRIBUTION, ETC.(IMPRINT)
Place of publication, distribution, etc New York :
Name of publisher, distributor, etc Nova Science Publishers,
Date of publication, distribution, etc c2006.
300 ## - PHYSICAL DESCRIPTION
Extent vi, 195 p. :
500 ## - GENERALNOTE
General note Includes bibliographical references and index.
650 #0 - SUBJECT--TOPIC
Form subdivision 1. Renewable resources. 2. Plant biotechology.
700 1# - ADDED ENTRY--PERSONAL AUTHOR
Personal Name Kozłowski, R.
700 1# - ADDED ENTRY--PERSONAL AUTHOR
Personal Name Zaikov, G. E.
700 1# - ADDED ENTRY--PERSONAL AUTHOR
Personal Name Pudel, Frank.
856 41 - URL/ELECTRONIC LOCATION AND ACCESS
Uniform Resource Identifier <a href="http://www.loc.gov/catdir/toc/ecip067/2006003479.html">http://www.loc.gov/catdir/toc/ecip067/2006003479.html</a>
942 ## - ADDED ENTRY ELEMENTS(KOHA)
Koha item type General circulation
Holdings
Source of classification or shelving scheme Not for loan Location (home branch) Sublocation (holding branch) Date accessioned Cost, normal purchase price Full call number Barcode Copy number Cost, replacement price Koha item type Public note
Library of Congress Classification   Main Campus Library Main Campus Library 05/08/2014 2675.00 TP248.27.P55 R46 2006 2017/020780 C1 3050.00 General circulation sm
Library of Congress Classification   Main Campus Library Main Campus Library 05/08/2014 2675.00 TP248.27.P55 R46 2006 2017/020781 C2 3050.00 General circulation sm
Library of Congress Classification   Main Campus Library Main Campus Library 05/08/2014 2675.00 TP248.27.P55 R46 2006 2017/020779 C3 3050.00 General circulation sm
Kitui, Kenya.
+254736116989
library@seku.ac.ke